00365nam a2200109Ia 4500008004100000082002000041100003100061245001100092260004600103300000900149650009700158211119s9999||||xx |||||||||||||| ||und|| a894.8123bMAL-Y aMalayattoor Ramakrishnan,  0aYakshi bSahityapravarthaka Sangoma1900cKottayam a158p aMalayalam LiteraturevMalayalam FictionMalayalam NovelsShort StoriesGeneraliaxGeneral stack